Southville International School and Colleges
Your cart is empty.
  • Cart
  • Lists
    Public lists Eva Luna New books Lux_list list_1
    Your lists Log in to create your own lists
  • Log in to your account
  • Your cookies
  • Search history
Southville International School and Colleges
  • Advanced search
  • Recent comments
  • Most popular
  • Libraries

Log in to your account

Log in with GOOGLE


If you do not have an external account, but do have a local account, you can still log in:

  1. Home
  2. MARC view: From acorns :
Normal view MARC view ISBD view

From acorns : (Record no. 14820)

[ view plain ]
MARC details
000 -LEADER
fixed length control field 00991pam a2200337 a 4500
001 - CONTROL NUMBER
control field 6281320
003 - CONTROL NUMBER IDENTIFIER
control field PILC
005 - DATE AND TIME OF LATEST TRANSACTION
control field 20150112093443.0
008 - FIXED-LENGTH DATA ELEMENTS--GENERAL INFORMATION
fixed length control field 070807s2007 enka 000 0 eng
010 ## - LIBRARY OF CONGRESS CONTROL NUMBER
LC control number OCN124025322
015 ## - NATIONAL BIBLIOGRAPHY NUMBER
National bibliography number GBA732724
Source bnb
016 7# - NATIONAL BIBLIOGRAPHIC AGENCY CONTROL NUMBER
Record control number 013735638
Source Uk
020 ## - INTERNATIONAL STANDARD BOOK NUMBER
International Standard Book Number 9780273712527 (pbk.)
020 ## - INTERNATIONAL STANDARD BOOK NUMBER
International Standard Book Number 9780273712525
035 ## - SYSTEM CONTROL NUMBER
System control number (DLC)OCN124025322
035 ## - SYSTEM CONTROL NUMBER
System control number (OCoLC)124025322
035 ## - SYSTEM CONTROL NUMBER
System control number (NNC)6281320
040 ## - CATALOGING SOURCE
Original cataloging agency UKM
Transcribing agency UKM
Modifying agency BWKUK
050 #4 - LIBRARY OF CONGRESS CALL NUMBER
Classification number HD 62.5
Item number .W894 2007
082 04 - DEWEY DECIMAL CLASSIFICATION NUMBER
Classification number MnSFr 658.022
Item number W81 2007
100 1# - MAIN ENTRY--PERSONAL NAME
Personal name Woods, Caspian.
9 (RLIN) 20909
245 10 - TITLE STATEMENT
Title From acorns :
Remainder of title How to build a brilliant business /
Statement of responsibility, etc Caspian Woods.
250 ## - EDITION STATEMENT
Edition statement 2nd ed.
260 ## - PUBLICATION, DISTRIBUTION, ETC. (IMPRINT)
Place of publication, distribution, etc Harlow, England ;
-- New York :
Name of publisher, distributor, etc Pearson/Prentice Hall Business,
Date of publication, distribution, etc 2007.
300 ## - PHYSICAL DESCRIPTION
Extent 210 pages :
Other physical details illustration ;
Dimensions 24 cm.
500 ## - GENERAL NOTE
General note Previous ed.: 2004.
650 #0 - SUBJECT ADDED ENTRY--TOPICAL TERM
Topical term or geographic name as entry element New business enterprises.
9 (RLIN) 14296
942 ## - ADDED ENTRY ELEMENTS (KOHA)
Source of classification or shelving scheme Library of Congress Classification
Koha item type Books
948 1# - LOCAL PROCESSING INFORMATION (OCLC); SERIES PART DESIGNATOR (RLIN)
Series part designator, SPT (RLIN) 20071109
b (OCLC) c
c (OCLC) oc2016
d (OCLC) MPS
Holdings
Withdrawn status Lost status Source of classification or shelving scheme Damaged status Home library Current library Shelving location Date acquired Total Checkouts Full call number Barcode Date last seen Copy number Price effective from Koha item type
    Library of Congress Classification   Southville International School Affiliated with Foreign Universities Library Southville International School Affiliated with Foreign Universities Library Southville Foreign University Section 09/19/2013   HD 62.5 .W894 2007 SFU1264 05/15/2018 1 09/19/2013 Books

From acorns :

APA

Woods C., . (2007). From acorns. Harlow, England: Pearson/Prentice Hall Business.

Chicago

Woods Caspian, . 2007. From acorns. Harlow, England: Pearson/Prentice Hall Business.

Harvard

Woods C., . (2007). From acorns. Harlow, England: Pearson/Prentice Hall Business.

MLA

Woods Caspian, . From acorns. Harlow, England: Pearson/Prentice Hall Business. 2007.

  • Place hold
  • Print
  • Cite
  • Add to your cart (remove)
  • Save record
    BIBTEX Dublin Core MARCXML MARC (non-Unicode/MARC-8) MARC (Unicode/UTF-8) MARC (Unicode/UTF-8, Standard) MODS (XML) RIS
  • More searches
    Search for this title in:
    Other Libraries (WorldCat) Other Databases (Google Scholar) Online Stores (Bookfinder.com) Open Library (openlibrary.org)

Exporting to Dublin Core...

SOUTHVILLE LIBRARY

Southville International School and Colleges Library

1281 Tropical Ave. Cor. Luxembourg St., BF Homes International, Las Pinas City

Tel. No. 8256374 / 252358 Loc. 117/146

Powered by Koha